Plan Nacional de agua potable 1978-1982. Resumen
Guardat en:
| Autor principal: | |
|---|---|
| Format: | Text |
| Publicat: |
San José:
Casa Presidencial. Oficina de Difusión y Prensa
|
| Etiquetes: |
Afegir etiqueta
Sense etiquetes, Sigues el primer a etiquetar aquest registre!
|
MARC
| LEADER | 00000 a a2200000 04500 | ||
|---|---|---|---|
| 001 | 15458 | ||
| 003 | |||
| 040 | |||
| 090 | |a 016600 | ||
| 100 | |a Carazo Odio, Rodrigo | ||
| 245 | |a Plan Nacional de agua potable 1978-1982. Resumen | ||
| 260 | |a San José: |b Casa Presidencial. Oficina de Difusión y Prensa | ||
| 300 | |a 24 p. | ||
| 999 | |c 1526 |d 1526 | ||
